Residential and regeneration (Record no. 76349)

MARC details
000 -LEADER
fixed length control field 00832cab a2200193 4500
001 - CONTROL NUMBER
control field ##L132176
008 - FIXED-LENGTH DATA ELEMENTS--GENERAL INFORMATION
fixed length control field 060117n2006 000 0 eng u
035 ## - SYSTEM CONTROL NUMBER
System control number (Sirsi) u132176
041 0# - LANGUAGE CODE
Language code of text/sound track or separate title eng
100 1# - MAIN ENTRY--PERSONAL NAME
Personal name Roberts, Gwyn
245 00 - TITLE STATEMENT
Title Residential and regeneration
260 ## - PUBLICATION, DISTRIBUTION, ETC.
Date of publication, distribution, etc. 2006
490 ## - SERIES STATEMENT
Series statement Property Week
Volume/sequential designation 71(2) 13 January 2006, 53-61(6)
520 ## - SUMMARY, ETC.
Summary, etc. Reports on a new Institute for Public Policy Research publication "City people: city centre living in the UK" which argues that city centres will never attract families; and research from Savills which suggests that rising land costs are increasing house prices. Includes values for greenfield land near large centres.
590 ## - LOCAL NOTE (RLIN)
Local note IKA170106
690 ## - LOCAL SUBJECT ADDED ENTRY--TOPICAL TERM (OCLC, RLIN)
Topical term or geographic name as entry element PROPERTY-RESIDENTIAL PROPERTY-RESIDENTIAL PROPERTY DEVELOPMENT
700 1# - ADDED ENTRY--PERSONAL NAME
Personal name Barnes, Yolande
942 ## - ADDED ENTRY ELEMENTS (KOHA)
Suppress in OPAC 0
Holdings
Withdrawn status Lost status Source of classification or shelving scheme Damaged status Not for loan Home library Current library Shelving location Date acquired Total Checkouts Full call number Barcode Date last seen Copy number Price effective from Koha item type
    Dewey Decimal Classification     London London Journal article 17/01/2006   L132176 132176-1001 06/08/2019 1 06/08/2019 Journal article